Tehetséggondozás. [Röv. hír.]

Elmentve itt :
Bibliográfiai részletek
Dokumentumtípus: Cikk
Megjelent: 1997-01-22
Sorozat:Délmagyarország 87 No. 18
Kulcsszavak:Előadás, Csapó Benő
Online Access:http://dmarchiv.bibl.u-szeged.hu/79628
LEADER 00411nab a2200145 i 4500
001 delm79628
005 20191018142903.0
008 191018s1997 hu o 0|| hun d
040 |a SZTE Délmagyarország Archívum  |b hun 
041 |a hun 
245 0 0 |a Tehetséggondozás. [Röv. hír.]  |h [elektronikus dokumentum] 
260 |c 1997-01-22 
300 |a 5 
490 0 |a Délmagyarország  |v 87 No. 18 
695 |a Előadás, Csapó Benő